منهج تعليم اللغة العربية الخاصة بالمستوى الأول الثانوى بجنوب السودان
Saved in:
| 主要作者: | |
|---|---|
| 其他作者: | |
| 格式: | Thesis |
| 語言: | Arabic |
| 出版: |
خرطوم
: معهد خرطوم دولى غة عربية،
1984
|
| 主題: | |
| 標簽: |
添加標簽
沒有標簽, 成為第一個標記此記錄!
|
| LEADER | 015110000a22003490004500 | ||
|---|---|---|---|
| 001 | 89766 | ||
| 005 | 20021115001600.0 | ||
| 008 | 940204s1984 ara | ||
| 035 | |a 296167 | ||
| 035 | |a (Sirsi) 89766 | ||
| 040 | |a UIAM |b eng | ||
| 043 | |a f-sj--- | ||
| 049 | |b m | ||
| 050 | |a PJ6068S73 | ||
| 100 | 1 | |a رابح، رقية رجب | |
| 245 | 1 | 0 | |a منهج تعليم اللغة العربية الخاصة بالمستوى الأول الثانوى بجنوب السودان |
| 246 | 0 | 0 | |a Manhaj ta'lim al-lughah al-'Arabiyah al-khassah bi-al-mustawa al-awwal al-thanawi bi-janub al-Sudan / |c i'dad Ruqayyah Rajab Rabih; ishraf Hasan 'Abd al-Rahman |
| 260 | 1 | |a خرطوم |b : معهد خرطوم دولى غة عربية، |c 1984 | |
| 300 | |a 144, <7> leaves ;31 cm. | ||
| 500 | |a Abstract in English | ||
| 502 | |a (M.A)--Ma'had al-Khartum al-Duwali lil-Lughat al-'Arabiyah, 1984 | ||
| 596 | |a 1 | ||
| 650 | 8 | |a لغة عربية |x طرق تدريس |z سودان | |
| 650 | 8 | |a لغة عربية |x طرق تدريس (مدارس ثانوية) |z سودان | |
| 650 | 8 | |a رسالة جامعية | |
| 650 | 0 | |a Arabic language |x Study and teaching |z Sudan | |
| 650 | 0 | |a Arabic language |x Study and teaching (Secondary) |z Sudan | |
| 655 | 0 | 7 | |a Theses, non-IIUM |
| 700 | 1 | |a Rabih, Ruqayyah Rajab | |
| 900 | |a checked a r r 170496-naw | ||
| 999 | |c 430646 |d 462137 | ||
| 952 | |0 0 |6 T PJ 006068 S73R116M |7 0 |8 THESES |9 749918 |a IIUM |b IIUM |c MULTIMEDIA |g 0.00 |o t PJ6068S73R116M |p 00000296170 |r 2017-10-20 |t 1 |v 0.00 |y THESIS | ||
